EA FC24 All Heroes - Statistics

General Stats
  • This quiz has been taken 59 times
  • The average score is 38 of 61
Answer Stats
Rate League Nation Answer % Correct
89 Ligue 1 Ghana Abedi Pele
91%
88 Premier League Argentina Carlos Tevez
80%
88 LaLiga Uruguay Diego Forlan
80%
89 Serie A Brazil Lucio
80%
89 LaLiga Spain Fernando Morientes
78%
87 Serie A Japan Hidetoshi Nakata
78%
88 Premier League Nigeria Jay-Jay Okocha
78%
87 Premier League Ivory Coast Yaya Toure
78%
89 Ligue 1 France David Ginola
76%
86 Premier League Poland Jerzy Dudek
76%
89 Bundesliga Germany Rudi Voller
76%
85 Saudi Pro League Saudi Arabia Saeed Al-Owairan
76%
88 Premier League Belgium Vincent Kompany
76%
87 Premier League Bulgaria Dimitar Berbatov
73%
88 Eredivisie Finland Jari Litmanen
73%
87 Serie A Colombia Ivan Cordoba
71%
86 Premier League South Korea Park Ji Sung
71%
86 D1 Arkema France Sonia Bompastor
71%
87 Premier League Australia Harry Kewell
69%
89 Bundesliga Germany Jurgen Kohler
69%
85 Premier League Australia Tim Cahill
69%
88 LaLiga Argentina Javier Mascherano
67%
86 MLS USA Landon Donovan
67%
86 Premier League Nigeria Nwankwo Kanu
67%
86 Saudi Pro League Saudi Arabia Sami Al Jaber
67%
88 Serie A Netherlands Wesley Sneijder
67%
86 LaLiga Russia Aleksandr Mostovoi
64%
87 Serie A Italy Claudio Marchisio
64%
85 MLS USA Clint Dempsey
64%
88 Serie A Argentina Diego Milito
64%
86 Premier League Brazil Ramires
64%
86 Premier League Ireland Robbie Keane
64%
87 Serie A Portugal Rui Costa
64%
87 Serie A Sweden Tomas Brolin
64%
86 Premier League Norway John Arne Riise
62%
87 MLS Mexico Jorge Campos
62%
88 LaLiga Portugal Paulo Futre
62%
86 Bundesliga Poland Wlodzimierz Smolarek
62%
85 Barclays WSL England Alex Scott
60%
88 Fr Bundesliga Germany Nadine Kessler
60%
86 Premier League Czech Rep Tomas Rosicky
60%
88 LPF Uruguay Enzo Francescoli
58%
89 Serie A Italy Gianluca Vialli
58%
89 Ligue 1 France Jean-Pierre Papin
58%
85 Bundesliga Germany Lars Ricken
58%
88 LaLiga Mexico Rafael Marquez
58%
88 Bundesliga France Bixente Lizarazu
53%
88 Liga Portugal Portugal Ricardo Carvalho
51%
86 Eredivisie Netherlands Dirk Kuyt
49%
86 Premier League England Ledley King
49%
85 Premier League England Peter Crouch
49%
86 Ligue 1 France Sidney Govou
49%
86 Premier League Sweden Freddie Ljungberg
47%
87 Premier League England Joe Cole
47%
88 Serie A Italy Antonio Di Natale
44%
85 MLS USA DaMarcus Beasley
44%
86 LaLiga Spain Joan Capdevila
38%
86 Ligue 1 France Ludovic Giuly
38%
88 Bundesliga Germany Mario Gomez
38%
87 Premier League England Steve McManaman
36%
86 Premier League Norway Ole Gunnar Solksjaer
24%
No matching quizzes found
Score Distribution
Percent of People with Each Score
Percentile by Number Answered
Your Score History
You have not taken this quiz